|
|
|
|
| LEADER |
01228aam a22003498a 4500 |
| 001 |
00036927 |
| 005 |
20171026081025.0 |
| 008 |
170410s2015 ||||||Viesd |
| 041 |
0 |
# |
|a Vie
|
| 082 |
1 |
4 |
|a 639.8
|b B103GI
|
| 100 |
1 |
# |
|a Nguyễn, Thị Hồng Nho
|
| 245 |
1 |
0 |
|a Bài giảng sinh thái thủy sinh vật Thủy sản
|c Nguyễn Thị Hồng Nho
|b Ngành nuôi trồng thủy sản, hệ đại học .Mã môn học: AQ4011
|
| 260 |
# |
# |
|a Đồng Tháp
|b Đồng Tháp
|c 2015
|
| 300 |
# |
# |
|a 119tr.
|c 27 cm.
|
| 490 |
# |
# |
|a ĐTTS:Bộ Giáo dục và Đào tạo. Trường Đại học Đồng Tháp
|
| 653 |
# |
# |
|a Bài giảng
|
| 653 |
# |
# |
|a Sinh thái
|
| 653 |
# |
# |
|a Sinh vật
|
| 653 |
# |
# |
|a Thủy sản
|
| 852 |
# |
# |
|b Kho mượn
|j KGT.0052369, KGT.0052370, KGT.0052371, KGT.0052372, KGT.0053100
|
| 852 |
# |
# |
|b Kho đọc
|j KD.0019802, KD.0022341
|
| 852 |
# |
# |
|j KD.0022341
|j KD.0019802
|j KGT.0052369
|j KGT.0052370
|j KGT.0052372
|j KGT.0052371
|j KGT.0054048
|
| 910 |
|
|
|d 10/04/2017
|
| 980 |
# |
# |
|a Trung tâm Học liệu Lê Vũ Hùng, Trường Đại học Đồng Tháp
|